UBT Library

A dictionary of biology. (Record no. 47275)

000 -LEADER
fixed length control field 00581cam a22002294a 4500
001 - CONTROL NUMBER
control field 15297415
005 - DATE AND TIME OF LATEST TRANSACTION
control field 20180823080628.0
008 - FIXED-LENGTH DATA ELEMENTS--GENERAL INFORMATION
fixed length control field 080520s2008 enka d 000 0 eng
010 ## - LIBRARY OF CONGRESS CONTROL NUMBER
LC control number 2008273635
020 ## - INTERNATIONAL STANDARD BOOK NUMBER
International Standard Book Number 9780199204625
040 ## - CATALOGING SOURCE
Original cataloging agency DLC
Transcribing agency DLC
041 ## - LANGUAGE CODE
Language code of text/sound track or separate title eng
080 ## - UNIVERSAL DECIMAL CLASSIFICATION NUMBER
Universal Decimal Classification number 570.3
082 00 - DEWEY DECIMAL CLASSIFICATION NUMBER
Classification number 570.3
Edition number 22
100 ## - Rafti
Rafti 11
101 ## - Shkurtesa
Shkurtesa BIO
245 02 - TITLE STATEMENT
Title A dictionary of biology.
246 30 - VARYING FORM OF TITLE
Title proper/short title Biology
906 ## - LOCAL DATA ELEMENT F, LDF (RLIN)
a 7
b cbc
c origcop
d 2
e ncip
f 20
g y-gencatlg
942 ## - ADDED ENTRY ELEMENTS (KOHA)
Source of classification or shelving scheme
Item type Books
Holdings
Withdrawn status Lost status Source of classification or shelving scheme Damaged status Not for loan Collection code Permanent location Current location Shelving location Date acquired Total Checkouts Full call number Barcode Date last seen Price effective from Koha item type
          Koleksioni i përgjithshem UBT - Lipjan UBT - Lipjan Koleksioni i përgjithshem 08/23/2018   570.3 DAV 002-3012142 08/23/2018 08/23/2018 Books
UBT Library © 2015-2024. All rights reserved University Education for Business and Technology